01073nam a2200277 i 45000010005000000030009000050050017000140070003000310080041000340200018000750800024000931000039001172450188001562500012003442600031003563000037003874900017004245000015004416100038004567000049004947400056005438300025005998520034006249990015006589520122006736120ES-MaACL20240522092740.0t|890804s1989 sp a |||| | spa d a84-309-1676-8 a75(074)(464.1)Prado1 aOrs, Eugenio d',d1881-195498735810aTres horas en el Museo del Prado b: itinerario estético ; seguido de los Avisos al visitante de las exposiciones de pintura / cEugenio d'Ors ; prefacio de José María Valverde. a1ª ed. aMadrid : bTecnos, c1989. aXXIII, 121 p. : bil. ; c22 cm.1 aMetrópolis aÍndices.24aMuseo Nacional del Prado.91600011 aValverde, José María,d1926-1996911301302aAvisos al visitante de las exposiciones de pintura.0 aMetrópolis9177922 aES-MaACLjL-13323 z. - rust. c6120d6120 00104070aATENEOMbATENEOMcDEPO2d2008-01-17eSCl0oL-13323p1006227r2023-02-23 00:00:00w2023-02-23yMONOGRAFIA